Statistiken für 20 reichste Länder der Welt (BIP)

Klicken Sie hier um das Quiz zu spielen!

Allgemein

  • Dieses Quiz wurde 827 mal gespielt
  • Das Durchschnittsergebnis liegt bei 17 aus 20

Antwortstatistiken

HintAntwort% Korrekt
14,9China
99%
3,8Deutschland
99%
20,9USA
99%
2,6Frankreich
97%
5,1Japan
94%
1,3Spanien
94%
1,6Kanada
93%
1,5Russland
93%
1,9Italien
92%
2,7Indien
91%
1,4Brasilien
89%
1,4Australien
86%
1Mexiko
83%
1,6Süd Korea
80%
2,7Großbritannien
79%
0,8Schweiz
78%
0,7Türkei
74%
1Indonesien
66%
0,9Niederlande
66%
0,8Iran
51%

Verteilung der Resultate

Perzentil nach korrekt beantworteten Fragen

Anzahl Personen mit jedem Resultat

Ihre Resultats-Entwicklung

Sie haben dieses Quiz noch nicht gespielt